| 000 | 00360 a2200169 4500 | ||
|---|---|---|---|
| 001 | 173315 | ||
| 020 | _a85-16-00883-5 | ||
| 040 | _cMagnum | ||
| 100 | _aNoronha, Teresa | ||
| 240 | 1 | 0 |
_aUm sapatinho especial _lpor |
| 245 | 1 | 0 | _aUm sapatinho especial |
| 300 | _a30 | ||
| 362 | 0 | _a1993 | |
| 440 | 1 | _aModerna | |
| 697 | _aLITERATURA INFANTO | ||
| 942 | _cBK | ||
| 999 |
_c173315 _d173315 |
||